| 000 | 00412nam a22001577a 4500 | ||
|---|---|---|---|
| 005 | 20230124051813.0 | ||
| 008 | 230124b |||||||| |||| 00| 0 eng d | ||
| 020 | _a978-93-82669-05-0 | ||
| 082 | _a302.2 Ex96 2013 | ||
| 245 | _aExecutive communication / | ||
| 260 |
_aUAE: _b3G Elearning, _cc2013. |
||
| 300 |
_axii, 221p.; _bill. |
||
| 541 | _e4447 | ||
| 650 | _aCommunication | ||
| 650 | _aBusiness communication | ||
| 999 |
_c645 _d645 |
||